L'amour réaliste : La nouvelle expérience amoureuse des jeunes femmes (notice n° 1568715)
[ vue normale ]
| 000 -LEADER | |
|---|---|
| fixed length control field | 01477cam a2200133 4500500 |
| 005 - DATE AND TIME OF LATEST TRANSACTION | |
| control field | 20251214005216.0 |
| 041 ## - LANGUAGE CODE | |
| Language code of text/sound track or separate title | fre |
| 042 ## - AUTHENTICATION CODE | |
| Authentication code | dc |
| 100 10 - MAIN ENTRY--PERSONAL NAME | |
| Personal name | Giraud, Christophe |
| Relator term | author |
| 245 00 - TITLE STATEMENT | |
| Title | L'amour réaliste : La nouvelle expérience amoureuse des jeunes femmes |
| 260 ## - PUBLICATION, DISTRIBUTION, ETC. | |
| Name of publisher, distributor, etc. | Armand Colin,<br/> |
| Date of publication, distribution, etc. | 2017.<br/> |
| 520 ## - SUMMARY, ETC. | |
| Summary, etc. | C’est l’histoire d’une désillusion. Celle des jeunes femmes qui au début de leur vie sentimentale connaissent leurs premières histoires d’amour et vivent leurs premières ruptures.À partir d’une enquête où des étudiantes ont été suivies durant plusieurs années, ce livre analyse la nouvelle éducation sentimentale des jeunes femmes. La rupture amoureuse est l’occasion d’un travail réflexif et d’une remise en cause des schémas amoureux romantiques sexués appris dès l’enfance. Elle autorise un rapport plus libre à la sexualité. Elle initie une nouvelle façon d’entrer en relation avec un partenaire, plus prudente, plus contractuelle.Ce livre dessine un portrait intime d’une jeunesse étudiante très éloignée des caricatures qui la décrivent comme instable et privilégiant une sexualité sans attache. Sans illusion mais non sans idéal, sans cynisme mais non sans humour, les jeunes femmes inventent de nouvelles façons de construire un amour plus authentique.C’est l’« amour réaliste ». |
| 856 41 - ELECTRONIC LOCATION AND ACCESS | |
| Uniform Resource Identifier | <a href="https://shs.cairn.info/amour-realiste--9782200617257?lang=fr&redirect-ssocas=7080">https://shs.cairn.info/amour-realiste--9782200617257?lang=fr&redirect-ssocas=7080</a> |
Pas d'exemplaire disponible.




Réseaux sociaux